Libertad de palabra y de prensa en los Estados Unidos

Guardat en:
Dades bibliogràfiques
Autor principal: Hudon, Edward G (Autor)
Format: Llibre
Idioma:espanyol
Publicat: Ciudad de México Libreros Mexicanos Unidos 1964
Matèries:
Etiquetes: Afegir etiqueta
Sense etiquetes, Sigues el primer a etiquetar aquest registre!

MARC

LEADER 00000nam a2200000 a 4500
001 UCT9717
003 CL-VaPUC
008 970411e19640000MX |||||||||||||||||spa|d
082 0 4 |a 323.44  |b HUD  |2 21 
100 0 |a Hudon, Edward G  |e author  |9 382653 
245 1 0 |a Libertad de palabra y de prensa en los Estados Unidos 
300 |a 317 p 
942 |c BK 
945 |d 19970411 00:00:00  |a paguirre 
260 |a Ciudad de México  |b Libreros Mexicanos Unidos  |c 1964 
650 7 |a DERECHO A LA LIBERTAD DE EXPRESION  |2 CL-VaPUC  |9 345571 
650 0 |a Derechos civiles y políticos   |9 338684 
650 0 |a Constituciones  |9 255417 
650 0 |a Derecho constitucional   |9 222588 
650 7 |a LIBERTAD DE PALABRA  |2 CL-VaPUC  |9 256198 
650 0 |a Libertad de prensa  |9 255610 
651 0 |a Estados Unidos  |9 255178 
583 |a last modification  |c 19970411 00:00:00  |k Rodrigo Vera 
999 |c 258096  |d 258094 
952 |0 0  |1 0  |4 0  |6 323_440000000000000_HUD_1964  |7 0  |8 A  |9 281905  |a BIBDER  |b BIBDER  |d 2019-11-19  |i 1829114  |o 323.44 HUD 1964  |p 1829114  |r 2019-11-19  |w 2019-11-19  |y BK  |k DER 
952 |0 0  |1 0  |4 0  |6 323_440000000000000_HUD_1964  |7 0  |8 A  |9 281906  |a BIBDER  |b BIBDER  |d 2019-11-19  |i 1829122  |o 323.44 HUD 1964  |p 1829122  |r 2023-01-25  |w 2019-11-19  |y BK  |k DER